000 00958nam a2200205 i 4500
001 161409
003 ES-MaACL
005 20260103153152.0
008 940301s1862 sp |||| | spa d
100 1 _aPardo Bazán, José.
_9130832
245 1 0 _aMemoria sobre la necesidad de establecer escuelas de agricultura en Galicia /
_cpor José Pardo Bazán y por el conde de Pallares.
260 _aMadrid :
_b[s.n.],
_c1862 (
_fImp. de la Compañía de Impresores y Libreros, a cargo de D.A. Avrial)
300 _a73 p. ;
_c23 cm.
530 _aDisponible en formato digital.
650 4 _aEnseñanza agrícola-
_zGalicia.
_9155774
700 1 _aPallares, Manuel Vázquez de Parga Somoza,
_cConde de
_9125520
852 _aES-MaACL
_jT-69-F-4
_z- Enc. hol.
_q- Falto de cub. original
_z- Enc. en un vol. facticio
856 _uhttp://biblioteca.galiciana.gal/es/consulta/registro.do?id=4840
_zBiblioteca Dixital de Galicia
999 _c161409
_d161409